Traditions and Innovations in the Methodology of Teaching Foreign Languages; Лингвистические и культурологические аспекты современного инженерного образования

書誌詳細
Parent link:Лингвистические и культурологические аспекты современного инженерного образования.— 2021.— [С. 99-103]
第一著者: Чебанова Е. С.
団体著者: Национальный исследовательский Томский политехнический университет Школа базовой инженерной подготовки Отделение иностранных языков
その他の著者: Кокорина Ю. С. (научный руководитель), Aksenova N. V. Nataliya Valerievna
要約:Заглавие с экрана
The article is devoted to identifying and researching a more effective method of teaching a foreign language, as well as developing motivation for students. Different teaching methods are carried out and the main problems in the organization of training are revealed. The work describes the difficulties that the teacher may face. The article focuses on a creative approach to education and the selection of activities based on the abilities of students.
言語:英語
出版事項: 2021
主題:
オンライン・アクセス:http://earchive.tpu.ru/handle/11683/69241
フォーマット: MixedMaterials 電子媒体 図書の章
KOHA link:https://koha.lib.tpu.ru/cgi-bin/koha/opac-detail.pl?biblionumber=634010

MARC

LEADER 00000naa2a2200000 4500
001 634010
005 20231101133805.0
035 |a (RuTPU)RU\TPU\conf\35760 
035 |a RU\TPU\conf\35759 
090 |a 634010 
100 |a 20211221d2021 k y0rusy50 ba 
101 0 |a eng 
102 |a RU 
105 |a y z 101zy 
135 |a drgn ---uucaa 
181 0 |a i  
182 0 |a b 
200 1 |a Traditions and Innovations in the Methodology of Teaching Foreign Languages  |f Е. С. Чебанова, Ю. С. Кокорина  |g sci. adv. N. V. Aksenova 
203 |a Текст  |c электронный 
230 |a 1 компьютерный файл (pdf; 487 Kb) 
300 |a Заглавие с экрана 
320 |a [Библиогр.: с. 102-103 (8 назв.)] 
330 |a The article is devoted to identifying and researching a more effective method of teaching a foreign language, as well as developing motivation for students. Different teaching methods are carried out and the main problems in the organization of training are revealed. The work describes the difficulties that the teacher may face. The article focuses on a creative approach to education and the selection of activities based on the abilities of students. 
463 0 |0 (RuTPU)RU\TPU\conf\35745  |t Лингвистические и культурологические аспекты современного инженерного образования  |o сборник материалов II Международной научно-практической конференции, Томск, 10-12 ноября 2021 г.  |f Национальный исследовательский Томский политехнический университет (ТПУ); гл. ред. Ю. В. Кобенко  |v [С. 99-103]  |d 2021 
610 1 |a электронный ресурс 
610 1 |a труды учёных ТПУ 
610 1 |a motivation 
610 1 |a project activities 
610 1 |a debates 
610 1 |a ESL 
610 1 |a gamification 
610 1 |a мотивация 
610 1 |a проектная деятельность 
610 1 |a преподавание 
610 1 |a иностранные языки 
610 1 |a творческий подход 
700 1 |a Чебанова  |b Е. С. 
701 1 |a Кокорина  |b Ю. С. 
702 1 |a Aksenova  |b N. V.  |c linguist  |c Senior Lecturer of Tomsk Polytechnic University  |f 1979-  |g Nataliya Valerievna  |2 stltpush  |4 727 
712 0 2 |a Национальный исследовательский Томский политехнический университет  |b Школа базовой инженерной подготовки  |b Отделение иностранных языков  |h 8029  |2 stltpush  |3 (RuTPU)RU\TPU\col\23510 
801 2 |a RU  |b 63413507  |c 20220125  |g RCR 
856 4 |u http://earchive.tpu.ru/handle/11683/69241 
942 |c BK